Nexus : stručná historie informačních sítí od doby kamenné po AI /
Abychom zvládli největší informační revoluci v lidské historii, musíme pochopit, co jí předcházelo. Izraelský historik mapuje dějiny informační moci od mýtů po umělou inteligenci.
Uloženo v:
| Hlavní autor: | |
|---|---|
| Další autoři: | |
| Médium: | E-kniha |
| Jazyk: | Czech |
| Vydáno: |
V Brně :
Jan Melvil Publishing,
2025
|
| Vydání: | Vydání první |
| Edice: | H!story
|
| Témata: | |
| On-line přístup: | Plný text PDF (Bookport) Plný text - pro registrované uživatele NK ČR |
| Tagy: |
Žádné tagy |
| LEADER | 03481nam a2200709 i 4500 | ||
|---|---|---|---|
| 001 | 312712 | ||
| 003 | CZ PrSKC | ||
| 005 | 20260601215727.0 | ||
| 007 | ta | ||
| 008 | 250512s2025 xr e 001 0 cze | ||
| 015 | |a cnb003684824 | ||
| 020 | |a 9788075552631 |q (vázáno) | ||
| 035 | |a (OCoLC)1527578026 | ||
| 040 | |a BOA001 |b cze |d OLA001 |e rda | ||
| 041 | 1 | |a cze |h eng | |
| 072 | 7 | |a 316.4/.7 |x Sociální interakce. Sociální komunikace |2 Konspekt | |
| 080 | |a 007:004.738 |2 MRF | ||
| 080 | |a 001.102:[001.9+659] |2 MRF | ||
| 080 | |a 930.85 |2 MRF | ||
| 080 | |a 004+621.39 |2 MRF | ||
| 080 | |a 62:001.892 |2 MRF | ||
| 080 | |a 316.462 |2 MRF | ||
| 080 | |a 62:316.3 |2 MRF | ||
| 080 | |a (048.8) |2 MRF | ||
| 100 | 1 | |a Harari, Yuval N., |d 1976- |7 jo2013763309 |4 aut | |
| 240 | 1 | 0 | |a Brief history of information networks from the Stone Age to AI. |l Česky |
| 245 | 1 | 0 | |a Nexus : |b stručná historie informačních sítí od doby kamenné po AI / |c Yuval Noah Harari ; překlad Petr Oliver |
| 250 | |a Vydání první | ||
| 264 | 1 | |a V Brně : |b Jan Melvil Publishing, |c 2025 | |
| 300 | |a 512 stran ; |c 24 cm | ||
| 336 | |a text |b txt |2 rdacontent | ||
| 337 | |a bez média |b n |2 rdamedia | ||
| 338 | |a svazek |b nc |2 rdacarrier | ||
| 490 | 1 | |a H!story | |
| 500 | |a Přeloženo z angličtiny | ||
| 504 | |a Obsahuje bibliografické odkazy a rejstřík | ||
| 520 | 2 | |a Abychom zvládli největší informační revoluci v lidské historii, musíme pochopit, co jí předcházelo. Izraelský historik mapuje dějiny informační moci od mýtů po umělou inteligenci. |b Harari ukazuje, že lidstvo získalo obrovskou moc prostřednictvím budování rozsáhlých informačních sítí. Knihy šířily skvělé myšlenky, ale i mýty. Algoritmy nám usnadnily práci, a pak nás poštvaly proti sobě. Co nyní způsobí umělá inteligence? Nakladatelská anotace. Kráceno. | |
| 650 | 0 | 7 | |a informační sítě |7 ph121105 |2 czenas |
| 650 | 0 | 7 | |a šíření informací |7 ph825009 |2 czenas |
| 650 | 0 | 7 | |a dějiny civilizace |7 ph137927 |2 czenas |
| 650 | 0 | 7 | |a informační a komunikační technologie |7 ph752781 |2 czenas |
| 650 | 0 | 7 | |a technologický rozvoj |7 ph306815 |2 czenas |
| 650 | 0 | 7 | |a moc |7 ph122929 |2 czenas |
| 650 | 0 | 7 | |a technika a společnost |7 ph764797 |2 czenas |
| 650 | 0 | 9 | |a information networks |2 eczenas |
| 650 | 0 | 9 | |a dissemination of information |2 eczenas |
| 650 | 0 | 9 | |a history of civilization |2 eczenas |
| 650 | 0 | 9 | |a information and communication technology |2 eczenas |
| 650 | 0 | 9 | |a technological development |2 eczenas |
| 650 | 0 | 9 | |a power (social sciences) |2 eczenas |
| 650 | 0 | 9 | |a technology and society |2 eczenas |
| 655 | 7 | |a monografie |7 fd132842 |2 czenas | |
| 655 | 9 | |a monographs |2 eczenas | |
| 700 | 1 | |a Oliver, Petr, |d 1978- |7 xx0124330 |4 trl | |
| 830 | 0 | |a H!story | |
| 856 | 4 | 0 | |u https://www.bookport.cz/kniha/nexus-14817/ |y Plný text PDF (Bookport) |4 N |
| 856 | 4 | 1 | |u https://www.bookport.cz/AccountSaml/SignIn/?idp=https%3A%2F%2Fshibboleth.nkp.cz%2Fidp%2Fshibboleth&returnUrl=/kniha/nexus-14817/ |y Plný text - pro registrované uživatele NK ČR |4 N |
| 900 | |a ABA001 |b 20 | ||
| 044 | |a xr | ||
| 910 | |a RBIT002 | ||
| 998 | |d 420274 |a https://core.palmknihy.cz/api/books/420274/cover?svtywu |b https://core.palmknihy.cz/api/books/420274/cover/400?svtywu |c https://core.palmknihy.cz/api/books/420274/cover/50?svtywu |e 2030-06-15 |g 512 |i 9788075552631 |j https://core.palmknihy.cz/api/books/420274/preview.epub |l |q 49 |r 1 |s https://www.palmknihy.cz/kniha/420274 |t ebook |y 2025 |z 0 | ||
| 999 | |d 312710 | ||